| 000 | 00729nam a2200229 a 4500 | ||
|---|---|---|---|
| 001 | 000013902 | ||
| 005 | 20250314135209.0 | ||
| 008 | 091201r20002000dr 001 0 spa d | ||
| 020 | _a8420636738 | ||
| 040 |
_aDO-SdBNP _bspa _cBNPHU |
||
| 082 |
_a321.07 _bP718r |
||
| 100 | 1 |
_aPlatón, _d428 a. C. - 347 a. C. _931499 |
|
| 245 | 1 | 3 |
_aLa república / _cPlatón ; Introducción de Manuel Fernández Galiano. |
| 260 |
_aMadrid : _bAlianza, _c2000. |
||
| 300 |
_a605, p. ; _c18 cm. |
||
| 490 | 1 |
_aClásicos de Grecia y Roma _vBT 8217 |
|
| 500 | _a1a reimpresión de la 1a edición 1999 | ||
| 650 | 0 |
_aEstado _9726 |
|
| 650 | 0 |
_aCiencia política _95772 |
|
| 830 | 0 |
_aClásicos de Grecia y Roma ; _vBT 8217 _931498 |
|
| 049 | _aBNGR | ||
| 999 |
_c13507 _d13507 |
||